000 00513cam a2200193ua 4500
001 10288
005 20260515114613.0
008 180228n ii |||gr||||Z||||||eng
020 _a9789351381112
040 _cMAIN
082 _a809
100 _aPrasad, Birjadish,
_eEditor.
245 _aIntroduction to english criticism
_cEd. by Birjadish Prasad
250 _a1st ed. / rep.
260 _aBengaluru:
_bTrinity press,
_c2016.
300 _a257p.
653 _aHistory, description & criticism
942 _cBK
999 _c9274
_d9274